000 00229nam a2200097Ia 4500
008 170619s9999 xx 000 0 und d
100 _aGUPTA- S L
245 0 _aENGINEERING PRACTICAL PHYSICS
260 _bMEERUT; PRAGATI
260 _c2006
546 _aENGLISH
999 _c18502
_d18502